James Alberione: a Marvel of This Century (Record n. 76254)
[ formato base ]
| 000 -LEADER | |
|---|---|
| fixed length control field | 01497nam a2200325Ia 4500 |
| 001 - CONTROL NUMBER | |
| control field | B0049 |
| 003 - CONTROL NUMBER IDENTIFIER | |
| control field | IT-RoPAU |
| 008 - FIXED-LENGTH DATA ELEMENTS--GENERAL INFORMATION | |
| fixed length control field | 130308s9999 xx 000 0 und d |
| 040 ## - CATALOGING SOURCE | |
| Original cataloging agency | IT-RoPAU |
| 040 ## - CATALOGING SOURCE | |
| Transcribing agency | IT-RoPAU |
| 041 ## - LANGUAGE CODE | |
| Language code of text/sound track or separate title | INGLESE |
| 999 ## - SYSTEM CONTROL NUMBERS (KOHA) | |
| Koha Dewey Subclass [OBSOLETE] | SI |
| 100 ## - MAIN ENTRY--PERSONAL NAME | |
| Personal name | Rolfo Luigi |
| 100 ## - MAIN ENTRY--PERSONAL NAME | |
| Miscellaneous information | Codice Aut. SPICS: 1943 |
| 240 ## - UNIFORM TITLE | |
| Uniform title | DON GIACOMO ALBERIONE SEMPRE PROTESO IN AVANTI |
| 240 ## - UNIFORM TITLE | |
| Miscellaneous information | Codice Tit. Orig. Spics: 33381 |
| 245 ## - TITLE STATEMENT | |
| Title | James Alberione: a Marvel of This Century |
| 245 ## - TITLE STATEMENT | |
| Remainder of title | James Alberione: a Marvel Of This Century |
| 250 ## - EDITION STATEMENT | |
| Edition statement | 1a ed. |
| 260 ## - PUBLICATION, DISTRIBUTION, ETC. (IMPRINT) | |
| Place of publication, distribution, etc. | ENGLAND |
| 260 ## - PUBLICATION, DISTRIBUTION, ETC. (IMPRINT) | |
| Name of publisher, distributor, etc. | St Paul Publications |
| 260 ## - PUBLICATION, DISTRIBUTION, ETC. (IMPRINT) | |
| Date of publication, distribution, etc. | 1984 [1° Ed.:1984 - Ed.Ling.Originale:1982] |
| 300 ## - PHYSICAL DESCRIPTION | |
| Extent | "170 p. (prefazione: 10; testo: 160 [pagine: 0-0])" |
| 500 ## - GENERAL NOTE | |
| General note | "Giacomo Alberione una meraviglia del Nostro Secolo. breve Storia della Suavita, del suo Tempo e della Sua Opera. Direttore Spirituale in Seminario. Umilissimi inizi di una Grande Opera. Laboriosa Approvazione della Societa'San Paolo. Figlie di San Paolo. inizi della Casa di Roma. Apostolato Dellastampa. Scrivere, Stampare, Diffondere. Periodici Voluti da Don Alberione.Paolini All'Estero. Primi passi nel Cinema. giorni tormentati della Guerra. per Riconoscenza Alla Vergine. Una Volontà che Deve Arrendersi. Documenti Fotografici. Incluso Il Volume ""Pensieri"" Dello Stesso Alberione." |
| 650 ## - SUBJECT ADDED ENTRY--TOPICAL TERM | |
| Topical term or geographic name as entry element | STUDI SU GIACOMO ALBERIONE |
| 650 ## - SUBJECT ADDED ENTRY--TOPICAL TERM | |
| Relator term | Codice materia Spics: 9902 |
| 942 ## - ADDED ENTRY ELEMENTS (KOHA) | |
| Koha item type | LIBRO |
| 957 ## - | |
| -- | 1 |
| 999 ## - SYSTEM CONTROL NUMBERS (KOHA) | |
| -- | 1 |
| Withdrawn status | Lost status | Damaged status | Not for loan | Home library | Current library | Date acquired | Total Checkouts | Full call number | Date last seen | Price effective from | Koha item type | Public note |
|---|---|---|---|---|---|---|---|---|---|---|---|---|
| Buone Condizioni | Not For Loan | SPICS-MEDIATECA | SPICS-MEDIATECA | 08/03/2013 | B0049 | 08/03/2013 | 08/03/2013 | LIBRO | Progressivo inserimento: 60313 / N. Volumi: 1 Copie: 1 Copia Rara: SI / data import: 1 marzo 2013 - By Epidotti, Trombetti, Vaglietti. |